<?xml version="1.0" encoding="UTF-8"?>
<collection xmlns="http://www.loc.gov/MARC21/slim">
 <record>
  <leader>00452cam a2200157 7i4500</leader>
  <controlfield tag="001">0000004198</controlfield>
  <controlfield tag="005">20061125090000.0</controlfield>
  <datafield tag="035" ind1="0" ind2="0">
   <subfield code="a">0076-16460</subfield>
  </datafield>
  <datafield tag="090" ind1="0" ind2="0">
   <subfield code="a">QL 639 </subfield>
   <subfield code="b">J6</subfield>
  </datafield>
  <datafield tag="100" ind1="1" ind2="0">
   <subfield code="a">Jones </subfield>
  </datafield>
  <datafield tag="245" ind1="1" ind2="0">
   <subfield code="a">Fish and river pollution  </subfield>
   <subfield code="c">by J.R. Erichsen Jones.</subfield>
  </datafield>
  <datafield tag="260" ind1="0" ind2="0">
   <subfield code="a">London: </subfield>
   <subfield code="b">Butterworths, </subfield>
   <subfield code="c">1964.</subfield>
  </datafield>
  <datafield tag="300" ind1="#" ind2="#">
   <subfield code="a">203 p.: </subfield>
   <subfield code="b">ill.; </subfield>
   <subfield code="c">21 cm..</subfield>
  </datafield>
  <datafield tag="650" ind1="0" ind2="0">
   <subfield code="a">Fishe -- </subfield>
   <subfield code="x">Physiology </subfield>
  </datafield>
  <datafield tag="650" ind1="0" ind2="0">
   <subfield code="a">Wate -- </subfield>
   <subfield code="x">Pollution </subfield>
  </datafield>
  <datafield tag="999" ind1=" " ind2=" ">
   <subfield code="a">1000062771</subfield>
   <subfield code="b">Book</subfield>
   <subfield code="c">Open Shelf</subfield>
   <subfield code="e">KOLEKSI TERBUKA</subfield>
  </datafield>
 </record>
</collection>
